La Mirada del conserge : dietari del Gran Teatre del Liceu (1862-1981) / Joaquim Iborra ; presentació de Ramon Pla i Arxé dietari del Gran Teatre del Liceu (1862-1981) / Joaquim Iborra ; presentació de Ramon Pla i Arxé
Publicado:
Barcelona :
Institut del Teatre, Diputació de Barcelona : Sociedad del Gran Teatro del Liceo ,
1999
Descripción Física:
395 p. ; 25 cm
Otros Autores:
Pla i Arxé, Ramon, pr
MARC
| LEADER | 00000nam a2200000Ia 4500 | ||
|---|---|---|---|
| 001 | 12276 | ||
| 008 | 160829s1999 xx 000 0 cat d | ||
| 080 | |a B-1-298 | ||
| 100 | |a Iborra, Joaquim |9 34072 | ||
| 245 | |a La Mirada del conserge : |b dietari del Gran Teatre del Liceu (1862-1981) / Joaquim Iborra ; presentació de Ramon Pla i Arxé | ||
| 260 | |a Barcelona : |b Institut del Teatre, Diputació de Barcelona : |b Sociedad del Gran Teatro del Liceo, |c 1999 | ||
| 300 | |a 395 p. ; |c 25 cm | ||
| 650 | |a Gran Teatre del Liceu |x Història |x 1862/1981 |x Fonts |9 26105 | ||
| 700 | |a Pla i Arxé, Ramon, pr. |9 26107 | ||
| 710 | 1 | |a Institut del Teatre (Barcelona, Catalunya) |9 52662 | |
| 710 | 2 | |a Gran Teatre del Liceu |9 55976 | |
| 901 | |a Arxiu | ||
| 942 | |n 1 | ||
| 952 | |0 0 |1 0 |4 0 |6 B1298 |7 1 |9 43882 |a Arxiu |b Arxiu |d 2016-12-01 |l 0 |o B-1-298 |p 12276 |r 2016-12-01 00:00:00 |w 2016-12-01 |y ARXIU | ||
| 999 | |c 46462 |d 46462 | ||